Principles of management: (Record no. 199440)
[ view plain ]
| 000 -LEADER | |
|---|---|
| fixed length control field | 00616nam a2200205Ia 4500 |
| 005 - DATE AND TIME OF LATEST TRANSACTION | |
| control field | 20220307101004.0 |
| 008 - FIXED-LENGTH DATA ELEMENTS--GENERAL INFORMATION | |
| fixed length control field | 210716s2005 xx 000 0 und d |
| 020 ## - INTERNATIONAL STANDARD BOOK NUMBER | |
| International Standard Book Number | 8126125225 |
| 040 ## - CATALOGING SOURCE | |
| Transcribing agency | AIMIT LIBRARY |
| 041 ## - LANGUAGE CODE | |
| Language code of text/sound track or separate title | eng |
| 082 ## - DEWEY DECIMAL CLASSIFICATION NUMBER | |
| Classification number | 658 |
| Edition number | 1 |
| Item number | AQUP |
| 100 ## - MAIN ENTRY--PERSONAL NAME | |
| Personal name | Aquinas, P G. |
| 9 (RLIN) | 22939 |
| 245 ## - TITLE STATEMENT | |
| Title | Principles of management: |
| Remainder of title | foundations and realities / |
| Statement of responsibility, etc. | By P G Aquinas. |
| 250 ## - EDITION STATEMENT | |
| Edition statement | 1st ed. |
| 260 ## - PUBLICATION, DISTRIBUTION, ETC. | |
| Place of publication, distribution, etc. | New Delhi : |
| Name of publisher, distributor, etc. | Anmol Publications Pvt Ltd , |
| Date of publication, distribution, etc. | 2005 . |
| 300 ## - PHYSICAL DESCRIPTION | |
| Extent | xv, 551p. ; |
| Dimensions | 21.5 cm. |
| 650 ## - SUBJECT ADDED ENTRY--TOPICAL TERM | |
| Source of heading or term | Managerial Hierarchy. |
| 650 ## - SUBJECT ADDED ENTRY--TOPICAL TERM | |
| Source of heading or term | Communication networks. |
| 942 ## - ADDED ENTRY ELEMENTS (KOHA) | |
| Source of classification or shelving scheme | Dewey Decimal Classification |
| Koha item type | Book |
| Edition | 1st |
| Call number prefix | 658 AQUP |
| Withdrawn status | Lost status | Source of classification or shelving scheme | Damaged status | Not for loan | Collection code | Home library | Current library | Date acquired | Cost, normal purchase price | Inventory number | Total Checkouts | Full call number | Barcode | Date last seen | Cost, replacement price | Price effective from | Koha item type |
|---|---|---|---|---|---|---|---|---|---|---|---|---|---|---|---|---|---|
| Dewey Decimal Classification | MBA | St Aloysius Institute of Management & Information Technology | St Aloysius Institute of Management & Information Technology | 09/20/2005 | 195.00 | Bill no:156; Bill dt:2005-09-15 | 658 AQUP | MBA02005 | 05/23/2026 | 156.00 | 07/16/2021 | Book | |||||
| Dewey Decimal Classification | MBA | St Aloysius Institute of Management & Information Technology | St Aloysius Institute of Management & Information Technology | 09/20/2005 | 195.00 | Bill no:156; Bill dt:2005-09-15 | 658 AQUP | MBA02006 | 05/23/2026 | 156.00 | 07/16/2021 | Book | |||||
| Dewey Decimal Classification | MBA | St Aloysius Institute of Management & Information Technology | St Aloysius Institute of Management & Information Technology | 09/20/2005 | 195.00 | Bill no:156; Bill dt:2005-09-15 | 658 AQUP | MBA02007 | 05/23/2026 | 156.00 | 07/16/2021 | Book | |||||
| Dewey Decimal Classification | MBA | St Aloysius Institute of Management & Information Technology | St Aloysius Institute of Management & Information Technology | 09/20/2005 | 195.00 | Bill no:156; Bill dt:2005-09-15 | 658 AQUP | MBA02008 | 05/23/2026 | 156.00 | 07/16/2021 | Book | |||||
| Dewey Decimal Classification | MBA | St Aloysius Institute of Management & Information Technology | St Aloysius Institute of Management & Information Technology | 09/20/2005 | 195.00 | Bill no:156; Bill dt:2005-09-15 | 658 AQUP | MBA02009 | 05/23/2026 | 156.00 | 07/16/2021 | Book |